000 01182nam a22003137a 4500
003 OSt
005 20240409073826.0
007 ta
008 100322s2012 dr a 000 0 spa d
020 _a9789945883718
040 _aDO-SdBNP
_bspa
_cBNPHU
082 4 _aRD863.5
_bO96s
_222
100 1 _aOvalle, Elisabeth
_937920
245 1 0 _aSoy María Montez y dos cuentos más /
_cElizabeth Ovalle ; ilustraciones Jean Emilio, Jormi Madera.
260 _aSanto Domingo :
_bEl puente del arte,
_c2012.
300 _a26 p. :
_bil. ;
_c20 cm.
500 _aIncluye datos biográficos del autor en la contraportada.
501 _aPublicado con: La ranita bombonita y Guinguín el glotón
505 _aLa ranita bombonita y larguilagarto --
_tGuinguín el glotón.
590 _aInventariado, 2021/ YL
650 0 _aCuentos infantiles dominicanos
_9505
650 4 _aLiteratura infantil dominicana
700 1 _aOvalle, Elizabeth
_tLa ranita bombonita y larguilagarto
_981302
700 1 _aOvalle, Elizabeth,
_tGuinguín el glotón
_981303
700 1 _aEmilio, Jean
_eil.
_978200
700 1 _aMadera, Jormi
_eil.
_978201
910 _aYLockward. Validado MFF
942 _2ddc
_cLF2
999 _c49640
_d49640